[Event "VIE-ch U13"]
[Site "Hai Phong"]
[Date "2018.07.08"]
[Round "3"]
[White "Nguyen, Quoc Hy"]
[Black "Nguyen, Trong Nhan"]
[Result "1-0"]
[WhiteElo "1861"]
[BlackElo "1831"]
[PlyCount "105"]
[EventDate "2018.07.07"]
[EventType "swiss"]
[EventRounds "9"]
[EventCountry "VIE"]
[SourceTitle "EXT 2019"]
[Source "ChessBase"]
[SourceDate "2018.10.10"]
[SourceVersion "1"]
[SourceVersionDate "2018.10.10"]
[SourceQuality "1"]

1. Nf3 d5 2. g3 Nf6 3. Bg2 e6 4. 0-0 Be7 5. d4 0-0 6. b3 c5 7. Bb2 Nc6 8. c4 Ne4 9. cxd5 exd5 10. Nc3 Be6 11. Rc1 Qa5 12. dxc5 Bxc5 13. Qc2 Nb4 14. Qb1 Nxc3 15. Rxc3 Qb6 16. Ng5 g6 17. e3 d4 18. Rxc5 Qxc5 19. Nxe6 fxe6 20. Bxd4 Qe7 21. Ba1 e5 22. a3 Nc6 23. Bd5+ Kg7 24. Qe4 Rae8 25. b4 a6 26. Bxc6 bxc6 27. Qxc6 Rf6 28. Qe4 Kg8 29. f4 Qf7 30. Bxe5 Rf5 31. Qd3 Qe6 32. Rd1 Rf7 33. Qd5 Qc8 34. Ba1 Qe6 35. Qxe6 Rxe6 36. Rd8+ Rf8 37. Rxf8+ Kxf8 38. Bd4 Ke8 39. a4 Kd7 40. b5 axb5 41. axb5 Kd6 42. Kf2 Kd5 43. Kf3 Re7 44. b6 h6 45. Be5 Kc6 46. Bc7 Rd7 47. g4 Rd2 48. f5 g5 49. f6 Rd1 50. Ke4 Rf1 51. Ke5 Kd7 52. Bd6 Kc8 53. Ke6 1-0

[Event "VIE-chT"]
[Site "Ho Chi Minh City"]
[Date "2017.07.27"]
[Round "6.52"]
[White "Pham, Minh Hieu1111"]
[Black "Nguyen, Trong Nhan"]
[Result "0-1"]
[WhiteElo "2025"]
[BlackElo "1347"]
[PlyCount "122"]
[EventDate "2017.07.24"]
[EventType "team-swiss"]
[EventRounds "9"]
[EventCountry "VIE"]
[SourceTitle "EXT 2019"]
[Source "ChessBase"]
[SourceDate "2018.10.10"]
[SourceVersion "1"]
[SourceVersionDate "2018.10.10"]
[SourceQuality "1"]

1. e4 c5 2. Nf3 d6 3. d4 cxd4 4. Nxd4 Nf6 5. Nc3 a6 6. Be3 e6 7. f3 Be7 8. Qd2 Nc6 9. Bc4 Bd7 10. 0-0 0-0 11. Rad1 Qc7 12. Bb3 Na5 13. Rfe1 Rac8 14. Rc1 Nc4 15. Bxc4 Qxc4 16. Nb3 b5 17. a3 Qc7 18. Qf2 Rb8 19. Red1 Rfc8 20. Ba7 Rb7 21. Be3 a5 22. Qd2 b4 23. axb4 axb4 24. Ne2 d5 25. exd5 Nxd5 26. Bf2 Bd6 27. Bg3 Bxg3 28. Nxg3 Ba4 29. Qd3 h6 30. Kh1 Bxb3 31. Qxb3 Qb6 32. Ne4 Rbc7 33. h3 f5 34. Ng3 Qf2 35. Nxf5 Rxc2 36. Rxc2 Rxc2 37. Rg1 Rxb2 38. Qc4 Rc2 39. Qb5 Qb6 40. Qd3 Rc5 41. Nd4 Rc3 42. Qd2 Rc4 43. Nb3 Qe3 44. Qb2 Rc3 45. Na1 Rd3 46. Nc2 Qf2 47. Qb1 Qd2 48. Re1 b3 49. Na3 Nc3 50. Qc1 b2 51. Qxd2 Rxd2 52. Kg1 Kf7 53. Kf1 e5 54. Kg1 Ke6 55. Kh2 Kd5 56. Kg3 Kd4 57. Kh2 Rd1 58. Rxd1+ Nxd1 59. Kg3 Nc3 60. Kf2 b1Q 61. Nxb1 Nxb1 0-1

[Event "VIE-ch U09"]
[Site "Ho Chi Minh City"]
[Date "2014.07.13"]
[Round "1"]
[White "Nguyen, Trong Nhan"]
[Black "Thanh, Huu Dat"]
[Result "0-1"]
[WhiteElo "1477"]
[BlackElo "1528"]
[PlyCount "50"]
[EventDate "2014.07.13"]
[EventType "swiss"]
[EventRounds "9"]
[EventCountry "VIE"]
[SourceTitle "EXT 2016"]
[Source "ChessBase"]
[SourceDate "2015.10.08"]
[SourceVersion "1"]
[SourceVersionDate "2015.10.08"]
[SourceQuality "1"]

1. e4 d5 2. exd5 Qxd5 3. Nc3 Qa5 4. d4 Nf6 5. Nf3 Bg4 6. Be2 Nc6 7. Be3 0-0-0 8. Qd2 e5 9. d5 Bb4 10. Ng5 Rxd5 11. Qc1 Bxe2 12. Kxe2 Bxc3 13. bxc3 h6 14. Nf3 Qxc3 15. Nd2 Nd4+ 16. Bxd4 Qxd4 17. Rd1 Rhd8 18. f3 e4 19. Nxe4 Qc4+ 20. Rd3 Nxe4 21. fxe4 Qxe4+ 22. Kf2 Rxd3 23. cxd3 Qd4+ 24. Kf1 Qxd3+ 25. Kg1 Qd2 0-1